000 00293nam a22001337a 4500
008 170407b xxu||||| |||| 00| 0 eng d
020 _a9780781772280
041 _aeng
080 _a616
100 _a9
101 _aSHM
245 _aPORTH ESSENTIAL
_cPREZBINDOWSKI.K.SCH
942 _2udc
_cBK
999 _c10172
_d10172